000 00209 a2200097 4500
001 46910
100 _aSelby P
245 _aThe stonewall brigade
260 _a
_bOsprey publishing
_c
090 _c29990
_d29990
942 _aNUST-CAE
_cM
_c22213
999 _c281983
_d281983